20 años de las bibliotecas escolares CRA: 1994-2014
محفوظ في:
| مؤلف مشترك: | |
|---|---|
| التنسيق: | كتاب |
| اللغة: | الإسبانية |
| منشور في: |
Santiago
Ministerio de Educación de Chile
2014
|
| الطبعة: | 1a. ed |
| الموضوعات: | |
| الوسوم: |
إضافة وسم
لا توجد وسوم, كن أول من يضع وسما على هذه التسجيلة!
|
MARC
| LEADER | 00000cam a2200000 a 4500 | ||
|---|---|---|---|
| 001 | UCE9343 | ||
| 003 | CL-VaPUC | ||
| 008 | 151016e20140000cl |||||||||||||||||spa|d | ||
| 020 | |a 9789562924757 | ||
| 082 | 0 | 4 | |a 371.307 |b MIN |2 21 |
| 110 | 2 | |a Ministerio de Educación de Chile |e author |9 582165 | |
| 245 | 1 | 0 | |a 20 años de las bibliotecas escolares CRA: 1994-2014 |
| 250 | |a 1a. ed | ||
| 300 | |a 193 p | ||
| 942 | |c BK | ||
| 945 | |d 20151016 11:50:00 |a dcastane | ||
| 260 | |a Santiago |b Ministerio de Educación de Chile |c 2014 | ||
| 650 | 7 | |a BIBLIOTECAS ESCOLARES |2 CL-VaPUC |9 334525 | |
| 650 | 7 | |a CENTRO DE RECURSOS PARA EL APRENDIZAJE |2 CL-VaPUC |9 582166 | |
| 583 | |a last modification |c 20151016 11:50:00 |k Rodrigo Vera | ||
| 999 | |c 361012 |d 361010 | ||